| 000 | 00535nam a2200169Ia 4500 | ||
|---|---|---|---|
| 008 | 090711s9999 xx 000 0 und d | ||
| 082 | _b59310 | ||
| 100 | _aखरे सुरेश | ||
| 245 | _aरक्त नको मज प्रेम हवे | ||
| 260 | _c1973 | ||
| 300 | _a68 | ||
| 600 | _aखरे सुरेश | ||
| 630 | _aरक्त नको मज प्रेम हवे | ||
| 700 | _aखरे सुरेश | ||
| 730 | _aरक्त नको मज प्रेम हवे | ||
| 942 | _cBOOK | ||
| 999 |
_c333019 _d333019 |
||